000 00719nam a2200229Ia 4500
003 GCL
008 140319s9999 xx 000 0 ara d
040 _aGCL /
_cGCL
082 0 4 _aق
_b962.06
_bس ث
100 1 _aسليمان محمد الطماوى
245 1 0 _aثورة 23 يوليو 1952 :
_bبين ثورات العالم /
_cسليمان محمد الطماوى
250 _aالاولى
260 _aالقاهرة :
_bدار الفكر العربى ،
_c1965
300 _a510 ص ؛
_c24 سم
490 _a
650 0 4 _aالعصر الحديث
650 0 4 _aمصر
650 0 4 _aتاريخ
650 0 4 _aثورة 23 يوليو 1952
650 0 4 _aجمال عبدالناصر
942 _2ddc
_cBK
999 _c49716
_d49716